000 00607cam a22002171 4500
001 2169279
003 OSt
005 20150912134155.0
008 711013s1966 nyua b 000 0 eng
010 _a 66017641
040 _aSEKU
050 0 0 _aQA 276
_b.D6
100 1 _aDraper, Norman Richard.
245 1 0 _aApplied regression analysis
_c[by] N. R. Draper [and] H. Smith.
260 _aNew York,
_bWiley
_c[1966]
300 _aix, 407 p.
_billus.
_c24 cm.
504 _aIncludes bibliographies.
650 0 _aRegression analysis.
700 1 _aSmith, Harry,
_d1923-
_ejoint author.
942 _2lcc
_cGEN
999 _c8859
_d8859